Motivácia či demotivácia zahraničných investorov u nás?

Na základe päťročných skúseností z pôsobenia zahraničných investícií na Slovensku môžme vyvodiť záver, že motívy, ktoré pôvodne viedli k dovozu kapitálu, sa zmenili. Argumenty zdôrazňujúce výhodnú polohu a lacnú pracovnú silu už neobstoja. Zahraniční investori hľadajú veľký spotrebný trh, stabilnú p...

Descripción completa

Guardado en:
Detalles Bibliográficos
Autor principal: Šaková, Beáta
Formato: Capítulo de libro
Lenguaje:eslovaco
Materias:
Etiquetas: Agregar Etiqueta
Sin Etiquetas, Sea el primero en etiquetar este registro!

MARC

LEADER 00000naa a2200000 4500
001 r020109
005 20221205101524.5
041 0 |a slo 
044 |a SK 
245 1 0 |a Motivácia či demotivácia zahraničných investorov u nás?  |c Beáta Šaková 
520 |a Na základe päťročných skúseností z pôsobenia zahraničných investícií na Slovensku môžme vyvodiť záver, že motívy, ktoré pôvodne viedli k dovozu kapitálu, sa zmenili. Argumenty zdôrazňujúce výhodnú polohu a lacnú pracovnú silu už neobstoja. Zahraniční investori hľadajú veľký spotrebný trh, stabilnú politickú situáciu, plne fungujúci kapitálový trh. Bariéry vstupu zahraničných investícií na Slovensko. 
610 2 0 |a investície zo zahraničia 
610 2 0 |a Slovensko 
610 2 0 |a investori 
610 2 0 |a investovanie 
610 2 0 |a bariéry investičné 
610 2 0 |a trh 
610 2 0 |a trh kapitálový 
610 2 0 |a politika hospodárska 
610 2 0 |a legislatíva 
610 2 0 |a privatizácia 
610 2 0 |a infraštruktúra 
100 1 |a Šaková, Beáta